000
00283nam a22001097a 4500
008
160518b xxu||||| |||| 00| 0 eng d
020
_a
188473555X
041
_a
eng
080
_a
61
245
_a
Clinical management of heart failure:
_c
James B. Young; Roger M. Mills;
942
_2
udc
_c
BK
999
_c
2189
_d
2189